Central Library OPAC University of Rajshahi

Rural society, power structure, and class practice / (Record no. 45180)

MARC details
000 -LEADER
fixed length control field 00739nam a2200241 a 4500
001 - CONTROL NUMBER
control field 45180
003 - CONTROL NUMBER IDENTIFIER
rucl marc code BD-RjUL
005 - DATE AND TIME OF LATEST TRANSACTION
control field 20211209053956.0
008 - FIXED-LENGTH DATA ELEMENTS--GENERAL INFORMATION
fixed length control field 160724s1982 bg b 000 0 eng
020 ## - INTERNATIONAL STANDARD BOOK NUMBER
Terms of availability : Tk.45.00
035 ## - SYSTEM CONTROL NUMBER
System control number (BD-RjUL)45298
040 ## - CATALOGING SOURCE
Original cataloging agency DLC
Transcribing agency DLC
Modifying agency DLC
-- BD-RjUL
Language of cataloging eng
041 ## - LANGUAGE CODE
Language code of text/sound track or separate title eng
082 00 - DEWEY DECIMAL CLASSIFICATION NUMBER
Edition number 23
Classification number 301.095492
Author mark and year JAR 1982
100 1# - MAIN ENTRY--PERSONAL NAME
Personal name Jahangir, B. K.
9 (RLIN) 138403
245 10 - TITLE STATEMENT
Title Rural society, power structure, and class practice /
Statement of responsibility, etc. B.K. Jahangir.
260 ## - PUBLICATION, DISTRIBUTION, ETC. (IMPRINT)
Place of publication, distribution, etc. Dacca :
Name of publisher, distributor, etc. Centre for Social Studies,
Date of publication, distribution, etc. 1982.
300 ## - PHYSICAL DESCRIPTION
Pagination 165 p. :
Illustrations ill. ;
Size 22 cm.
650 #0 - SUBJECT ADDED ENTRY--TOPICAL TERM
Topical term or geographic name as entry element Peasants
Geographic subdivision Bangladesh.
9 (RLIN) 138404
Topical term or geographic name as entry element Social classes
Geographic subdivision Bangladesh.
9 (RLIN) 138405
651 #0 - SUBJECT ADDED ENTRY--GEOGRAPHIC NAME
Geographic name Bangladesh
General subdivision Rural conditions.
9 (RLIN) 124387
942 ## - ADDED ENTRY ELEMENTS (KOHA)
Source of classification or shelving scheme Dewey Decimal Classification
Koha item type Books
Holdings
Lost status Source of classification or shelving scheme Damaged status Not for loan Collection code Permanent Location Current Location Shelving location Date acquired Source of acquisition Cost, normal purchase price Total Checkouts Full call number Date last seen Copy number Koha item type
  Dewey Decimal Classification     Non-fiction Central Library, University of Rajshahi Central Library, University of Rajshahi   02/05/1983 Knowledar, Dhaka. 45.00   301.095492 JAR 1982 24/07/2016 C-2 Books